Catálogo
 En Linea

Reproducción, producción y división sexual del trabajo / (Registro nro. 10560)

Detalles MARC
000 -CABECERA
campo de control de longitud fija 00525nam a2200169 a 4500
001 - NÚMERO DE CONTROL
campo de control 000010811
005 - FECHA Y HORA DE LA ÚLTIMA TRANSACCIÓN
campo de control 20200929162308.0
008 - DATOS DE LONGITUD FIJA--INFORMACIÓN GENERAL
campo de control de longitud fija 091012s1984 dr r 001 0 spa d
040 ## - FUENTE DE LA CATALOGACIÓN
Centro catalogador/agencia de origen DO-SdBNP
Lengua de catalogación spa
Centro/agencia transcriptor BNPHU
082 ## - NÚMERO DE LA CLASIFICACIÓN DECIMAL DEWEY
Número de clasificación xxxx
Número de documento/Ítem B465r
100 1# - ENTRADA PRINCIPAL--NOMBRE DE PERSONA
Nombre de persona Benería, Lourdes
9 (RLIN) 26121
245 10 - MENCIÓN DE TÍTULO
Título Reproducción, producción y división sexual del trabajo /
Mención de responsabilidad, etc. Lourdes Benería.
260 ## - PUBLICACIÓN, DISTRIBUCIÓN, ETC.
Lugar de publicación, distribución, etc. Santo Domingo :
Nombre del editor, distribuidor, etc. Taller,
Fecha de publicación, distribución, etc. 1984.
300 ## - DESCRIPCIÓN FÍSICA
Extensión 57 p. ;
Dimensiones 20 cm.
500 ## - NOTA GENERAL
Nota general Incluye notas al pie de páginas
504 ## - NOTA DE BIBLIOGRAFÍA, ETC.
Nota de bibliografía, etc. Bibliografía 51-55
Existencias
Estado de retiro Estado de pérdida No para préstamo Código de colección Localización permanente Ubicación/localización actual Ubicación en estantería Fecha de adquisición Número de inventario Total de préstamos Signatura topográfica completa Código de barras Fecha visto por última vez Número de copia Precio válido a partir de Tipo de ítem Koha Restricciones de uso Nota pública
    Excluido de préstamo Dominicana de Servicio General General Depósito 14.10.2009 LF1   xxxx B465r 10811-30 25.06.2020 e. 3 25.06.2020 Libro y Folleto Colección Dominicana de Servicio    
      Dominicana de Servicio General General Depósito 14.08.2015 LF1   xxxx B465r 10811-40 25.06.2020 e. 4 25.06.2020 Libro y Folleto Colección Dominicana de Servicio    
    Excluido de préstamo Patrimonio Dominicano Patrimonio Dominicano Patrimonio Dominicano Depósito 14.10.2009 LF1   xxxx B465r 10811-10 25.06.2020   25.06.2020 Libro y Folleto Colección Patrimonio Dominicano   Perteneció a la biblioteca personal de Chiqui Vicioso/Fidelio Despradel.
    Excluido de préstamo Patrimonio Dominicano Patrimonio Dominicano Patrimonio Dominicano Depósito 14.10.2009 LF1   xxxx B465r 10811-20 25.06.2020 e. 2 25.06.2020 Libro y Folleto Colección Patrimonio Dominicano    

Con tecnología Koha